| 000 | 00665nam a2200217 a 4500 | ||
|---|---|---|---|
| 005 | 20240806063824.0 | ||
| 008 | 131129s2010 mx r 000 0 spa d | ||
| 020 | _a9789929562097 | ||
| 035 | _aUPN01000194318 | ||
| 049 | _aCG | ||
| 050 | 4 |
_aPT9876.36 A3 _bA4.3 |
|
| 100 | 1 |
_aZak, Monica, _d1939- _934883 |
|
| 245 | 1 | 0 |
_aAlex Dogboy : _bel tercer amor / _cMonica Zak ; tr. Oscar García. |
| 260 |
_aGuatemala : _bPiedra Santa, _c2010. |
||
| 300 |
_a246 p. : _bil. |
||
| 534 |
_pTítulo original: _tTredje Kärleken : Alex Dogboy |
||
| 650 | 4 |
_aLiteratura juvenil _95153 |
|
| 650 | 7 |
_aJóvenes _xConducta de vida _2 _916721 |
|
| 905 | _aLibro | ||
| 999 |
_c166419 _d166419 |
||